000 00668nam a2200241Ia 4500
003 OSt
005 20220918212249.0
006 a|||||r|||| 00| 0
007 ta
008 220917b |||||||| |||| 00| 0 eng d
024 _a128,075
037 _cTextual
040 _aARTS
_cARTS
_beng
041 _2eng
_aeng
082 _aX.1(X:89ZB), L8
100 _aNyilas Jozsef ed
_9122969
245 0 _aChanging face of the third world
_b regional and national studies
260 _aLeyden
_bA W Sijthoff
_c1978
300 _a431p.
_ccm.
650 _aECONOMICS
942 _hX.1(X:89ZB), L8
_cTEXL
_2CC
999 _c251213
_d251213